|
|
|
|
| LEADER |
01384nam a22003734a 4500 |
| 001 |
36410 |
| 003 |
BD-DhAAL |
| 005 |
20211129100222.0 |
| 008 |
191021t2000 nyua b 001 0 eng |
| 999 |
|
|
|c 41518
|d 41518
|
| 010 |
|
|
|a 00028091
|
| 020 |
|
|
|a 9780375758256
|q (pbk.)
|
| 020 |
|
|
|a 9780375503177
|q (hc)
|
| 020 |
|
|
|a 0375758259
|q (pbk.)
|
| 035 |
|
|
|a MITb10950407
|
| 035 |
|
|
|a (OCoLC)43561994
|
| 040 |
|
|
|a DLC
|c DLC
|d JBO
|d C#P
|d MYG
|d BD-DhAAL
|
| 042 |
|
|
|a pcc
|
| 082 |
0 |
0 |
|a 332.6
|2 21
|
| 100 |
1 |
|
|a Lowenstein, Roger.
|9 36286
|
| 245 |
1 |
0 |
|a When genius failed :
|b the rise and fall of Long-Term Capital Management /
|c Roger Lowenstein.
|
| 250 |
|
|
|a First edition
|
| 260 |
|
|
|a New York :
|b Random House,
|c c2011
|
| 300 |
|
|
|a xxi, 272 pages :
|b illustrations ;
|c 24 cm.
|
| 504 |
|
|
|a Includes bibliographical references (pages [237]-252) and index.
|
| 526 |
|
|
|a BBS
|
| 541 |
|
|
|a HYE Trade International
|e 36410
|
| 650 |
|
0 |
|a Hedge funds
|z United States.
|9 36287
|
| 650 |
|
0 |
|a Long-term Capital Management (Firm)
|9 36288
|
| 650 |
|
0 |
|a Finance
|9 36289
|
| 650 |
|
0 |
|a Business & finance
|9 43244
|
| 710 |
2 |
|
|a Long-term Capital Management (Firm)
|9 36288
|
| 942 |
|
|
|2 ddc
|c BK
|
| 952 |
|
|
|0 0
|1 0
|2 ddc
|4 0
|6 332_600000000000000_LOW
|7 0
|9 66838
|a BRACUL
|b BRACUL
|c GEN
|d 2019-10-17
|e Hye Trade International
|g 777.00
|l 7
|m 44
|o 332.6 LOW
|p 3010036410
|r 2025-06-22
|s 2025-05-12
|t 1
|v 777.00
|w 2019-10-17
|y BK
|